000 00663nam a2200241Ia 4500
003 OSt
005 20220924113156.0
006 a|||||r|||| 00| 0
007 ta
008 220923b |||||||| |||| 00| 0 eng d
024 _a149584
037 _cDictionary
040 _aARTS
_cARTS
_beng
041 _2eng
_aeng
082 _aY1:4:6, K8;L6
100 _aTurner Francis J ed
_97414
245 0 _aDifferential diagnosis and treatment in social work
260 _aNew
_bYork Free Press
_c1968
300 _axl,775p.
_ccm.
650 _aSOCIOLOGY
942 _hY1:4:6, K8;L6
_cdic
_2cc
999 _c389446
_d389446